[Event "Verbandsliga Nordbaden 2324"]
[Site "Baden"]
[Date "2023.09.24"]
[Round "1.8"]
[White "Armasow, Ulrich"]
[Black "Spiegel, Stefan"]
[Result "1/2-1/2"]
[WhiteElo "1987"]
[BlackElo "2121"]
[PlyCount "68"]
[EventDate "2023.09.24"]
[EventType "team-tourn"]
[EventRounds "9"]
[EventCountry "GER"]
[SourceTitle "EXT 2025"]
[Source "ChessBase"]
[SourceDate "2024.10.14"]
[SourceVersion "1"]
[SourceVersionDate "2024.10.14"]
[SourceQuality "1"]
[WhiteTeam "Buchen"]
[BlackTeam "Viernheim III"]
[WhiteTeamCountry "GER"]
[BlackTeamCountry "GER"]

1. d4 Nf6 2. Nf3 e6 3. e3 c5 4. Bd3 Nc6 5. c3 b6 6. Nbd2 Bb7 7. 0-0 Be7 8. e4 cxd4 9. Nxd4 0-0 10. Qe2 d6 11. a4 Nd7 12. Nxc6 Bxc6 13. Nc4 Rc8 14. Bf4 Nc5 15. Bc2 Nxe4 16. Bxe4 Bxe4 17. Nxd6 Bxd6 18. Qxe4 Bxf4 19. Qxf4 Qd5 20. Rfd1 Qb3 21. Qd2 h6 22. Ra3 Qc4 23. Qc2 Rc5 24. Raa1 Rfc8 25. Rd3 g6 26. Rad1 Qf4 27. Rd4 Qe5 28. Qe4 Kg7 29. Qxe5+ Rxe5 30. Kf1 Ra5 31. R1d3 Rc7 32. b3 Kf6 33. c4 Ke7 34. h4 Re5 1/2-1/2

[Event "GER-CupT 2122 prel7"]
[Site "Augsburg"]
[Date "2022.03.27"]
[Round "2.4"]
[White "Spiegel, Stefan"]
[Black "Krinke, Michael"]
[Result "1/2-1/2"]
[WhiteElo "2143"]
[BlackElo "1976"]
[PlyCount "41"]
[EventDate "2022.03.26"]
[EventType "team-k.o."]
[EventRounds "2"]
[EventCountry "GER"]
[SourceTitle "EXT 2023"]
[Source "ChessBase"]
[SourceDate "2022.10.05"]
[SourceVersion "1"]
[SourceVersionDate "2022.10.05"]
[SourceQuality "1"]
[WhiteTeam "Viernheim"]
[BlackTeam "Gernsheim"]
[WhiteTeamCountry "GER"]
[BlackTeamCountry "GER"]

1. e4 Nf6 2. e5 Nd5 3. d4 d6 4. Nf3 Nc6 5. c4 Nb6 6. exd6 cxd6 7. Be3 Bg4 8. Nc3 g6 9. Be2 Bg7 10. 0-0 0-0 11. b3 d5 12. c5 Nc8 13. Qd2 e6 14. h3 Bxf3 15. Bxf3 N8e7 16. Ne2 Nf5 17. g4 Nxe3 18. Qxe3 a5 19. Rab1 b6 20. a3 b5 21. Rbd1 1/2-1/2

[Event "Hastings Masters op 94th"]
[Site "Hastings"]
[Date "2019.01.03"]
[Round "7"]
[White "Midhun, PU."]
[Black "Spiegel, Stefan"]
[Result "1-0"]
[WhiteElo "2019"]
[BlackElo "2124"]
[PlyCount "85"]
[EventDate "2018.12.28"]
[EventType "swiss"]
[EventRounds "10"]
[EventCountry "ENG"]
[SourceTitle "CBM 188 Extra"]
[Source "ChessBase"]
[SourceDate "2019.02.28"]
[SourceVersion "1"]
[SourceVersionDate "2019.02.28"]
[SourceQuality "1"]

1. Nf3 Nf6 2. g3 e6 3. Bg2 d5 4. d4 Be7 5. 0-0 0-0 6. c4 c6 7. Nc3 Nbd7 8. b3 b6 9. Bb2 Ba6 10. Rc1 Rc8 11. Re1 dxc4 12. bxc4 Bxc4 13. Nd2 Ba6 14. Qa4 Nb8 15. e4 b5 16. Qb3 Nbd7 17. Ba3 Bxa3 18. Qxa3 Qb6 19. Bf1 Bb7 20. Qd6 Rfd8 21. Nb3 a5 22. Qf4 a4 23. Nc5 Nf8 24. e5 Nd5 25. Nxd5 Rxd5 26. Bg2 Rdd8 27. Red1 Ba8 28. h4 Qc7 29. Ne4 f5 30. Nd6 Ng6 31. Qg5 Rxd6 32. exd6 Qxd6 33. h5 Nf8 34. d5 h6 35. Qe3 e5 36. dxc6 Qf6 37. Bd5+ Kh8 38. c7 f4 39. Qf3 Bxd5 40. Rxd5 Ne6 41. Rd7 Nd4 42. Qb7 fxg3 43. Rd8+ 1-0

[Event "Hastings Masters op 94th"]
[Site "Hastings"]
[Date "2019.01.02"]
[Round "6"]
[White "Spiegel, Stefan"]
[Black "Bates, Richard"]
[Result "0-1"]
[WhiteElo "2124"]
[BlackElo "2358"]
[PlyCount "56"]
[EventDate "2018.12.28"]
[EventType "swiss"]
[EventRounds "10"]
[EventCountry "ENG"]
[SourceTitle "CBM 188 Extra"]
[Source "ChessBase"]
[SourceDate "2019.02.28"]
[SourceVersion "1"]
[SourceVersionDate "2019.02.28"]
[SourceQuality "1"]

1. e4 c5 2. Be2 Nc6 3. f4 g6 4. Nf3 Bg7 5. d3 d6 6. 0-0 Nh6 7. Qe1 f5 8. c3 0-0 9. Na3 Kh8 10. h3 e5 11. fxe5 Nxe5 12. Nxe5 dxe5 13. exf5 gxf5 14. Be3 Qe7 15. Bf3 f4 16. Bf2 Bf5 17. Rd1 Rae8 18. Nc4 b5 19. Na5 c4 20. Be4 Qg5 21. Bxf5 Qxf5 22. dxc4 e4 23. Bd4 Bxd4+ 24. Rxd4 Rg8 25. Qh4 Qg6 26. Rd2 f3 27. g4 e3 28. Rd5 f2+ 0-1

[Event "Hastings Masters op 94th"]
[Site "Hastings"]
[Date "2018.12.30"]
[Round "3"]
[White "Williams, Simon Kim"]
[Black "Spiegel, Stefan"]
[Result "1-0"]
[WhiteElo "2472"]
[BlackElo "2124"]
[PlyCount "73"]
[EventDate "2018.12.28"]
[EventType "swiss"]
[EventRounds "10"]
[EventCountry "ENG"]
[SourceTitle "CBM 188 Extra"]
[Source "ChessBase"]
[SourceDate "2019.02.28"]
[SourceVersion "1"]
[SourceVersionDate "2019.02.28"]
[SourceQuality "1"]

1. d4 Nf6 2. Nf3 e6 3. Bg5 h6 4. Bh4 b6 5. Nbd2 Bb7 6. e3 Be7 7. Bd3 c5 8. c3 Nc6 9. 0-0 cxd4 10. Bxf6 Bxf6 11. exd4 0-0 12. Qe2 d6 13. h4 Ne7 14. h5 Re8 15. Bc2 Kf8 16. Qd3 Qc7 17. Nh2 Qc6 18. f3 Qd5 19. Ne4 Ng8 20. Qe2 Red8 21. Ng3 Qc6 22. Ng4 Rac8 23. Bd3 Be7 24. f4 Nf6 25. Nxf6 Bxf6 26. Ne4 Be7 27. f5 exf5 28. Rxf5 Kg8 29. Raf1 Rf8 30. R1f3 Qd7 31. d5 a6 32. Qf2 Bd8 33. Qg3 Be7 34. Qf4 f6 35. Qg4 Kh8 36. Rg3 Bxd5 37. Qxg7# 1-0

[Event "Verbandsliga Nordbaden 1718"]
[Site "Baden"]
[Date "2018.01.14"]
[Round "4.2"]
[White "Pfleger, Michael"]
[Black "Spiegel, Stefan"]
[Result "1-0"]
[WhiteElo "2202"]
[BlackElo "2144"]
[PlyCount "123"]
[EventDate "2017.10.08"]
[EventType "team-tourn"]
[EventRounds "9"]
[EventCountry "GER"]
[SourceTitle "EXT 2019"]
[Source "ChessBase"]
[SourceDate "2018.10.10"]
[SourceVersion "1"]
[SourceVersionDate "2018.10.10"]
[SourceQuality "1"]
[WhiteTeam "Bad Mergentheim II"]
[BlackTeam "Viernheim II"]
[WhiteTeamCountry "GER"]
[BlackTeamCountry "GER"]

1. e4 Nf6 2. e5 Nd5 3. Nc3 Nxc3 4. dxc3 d6 5. Bf4 dxe5 6. Qxd8+ Kxd8 7. 0-0-0+ Bd7 8. Bxe5 Kc8 9. Nf3 f6 10. Bg3 e5 11. Bc4 a5 12. Rhe1 Bd6 13. Nd2 b5 14. Bd5 Bc6 15. Ne4 Rd8 16. Be6+ Kb7 17. f4 Bxe4 18. fxe5 fxe5 19. Rxe4 Na6 20. Bxe5 Nc5 21. Bxd6 Nxe4 22. Bd5+ c6 23. Bxe4 g6 24. Bc5 Rxd1+ 25. Kxd1 Re8 26. Bf3 Kc7 27. a3 Re5 28. b4 axb4 29. axb4 Re8 30. Kd2 Re6 31. Be2 Re4 32. Kd3 Re8 33. h4 Re5 34. Bf3 Re1 35. Bf2 Re8 36. Be4 Kd6 37. Bd4 Kd7 38. g4 Rf8 39. Ke3 Rf1 40. g5 Re1+ 41. Kf4 Rf1+ 42. Kg4 Re1 43. Bd3 Rh1 44. Bf2 Rh2 45. Kg3 Rh1 46. Kg2 Rd1 47. h5 Ke6 48. h6 Kf7 49. Bd4 Re1 50. Bf6 Re3 51. Kf2 Rh3 52. Ke2 Rh4 53. Ke3 Ke6 54. Be4 Kd6 55. Bg7 Rh3+ 56. Kf4 Rh4+ 57. Kf3 Kd7 58. Bd3 Ke6 59. Kg3 Rh5 60. Bf6 Rh1 61. Be4 Rg1+ 62. Kf2 1-0

[Event "GER-chT Betriebe 17th"]
[Site "Berlin"]
[Date "2017.11.05"]
[Round "7.2"]
[White "Spiegel, Stefan"]
[Black "Bohne, Uwe"]
[Result "1-0"]
[WhiteElo "2144"]
[BlackElo "2032"]
[PlyCount "111"]
[EventDate "2017.11.02"]
[EventType "team-swiss"]
[EventRounds "7"]
[EventCountry "GER"]
[SourceTitle "EXT 2020"]
[Source "ChessBase"]
[SourceDate "2019.10.17"]
[SourceVersion "1"]
[SourceVersionDate "2019.10.17"]
[SourceQuality "1"]
[WhiteTeam "Weinheim"]
[BlackTeam "Stuttgart Sparkassen-Vers"]
[WhiteTeamCountry "GER"]
[BlackTeamCountry "GER"]

1. e4 c5 2. Nc3 Nc6 3. f4 g6 4. Nf3 Bg7 5. Bb5 e6 6. Bxc6 bxc6 7. d3 d5 8. 0-0 Ne7 9. Qe1 0-0 10. Bd2 c4 11. dxc4 dxe4 12. Qxe4 Qb6+ 13. Rf2 Qxb2 14. Rb1 Qa3 15. Rb3 Qd6 16. Na4 Nf5 17. Bb4 Qd1+ 18. Rf1 Bd4+ 19. Nxd4 Qxd4+ 20. Qxd4 Nxd4 21. Bxf8 Nxb3 22. cxb3 Kxf8 23. Rd1 Ke7 24. Nc5 f6 25. Kf2 e5 26. fxe5 fxe5 27. Re1 Kf6 28. Nd3 e4 29. Rxe4 Bf5 30. Re3 Bxd3 31. Rxd3 Ke6 32. c5 Rf8+ 33. Ke2 Rc8 34. Ke3 Rc7 35. Ke4 a5 36. Rd6+ Ke7 37. Ke5 Rc8 38. Re6+ Kd7 39. Rd6+ Ke7 40. g3 Rc7 41. Kd4 Rc8 42. Kc4 Rc7 43. a3 Rc8 44. b4 axb4 45. axb4 Rc7 46. b5 cxb5+ 47. Kxb5 Ra7 48. Ra6 Rc7 49. Ra8 Kd7 50. Rb8 Ke6 51. Rd8 Ke7 52. Rh8 Ke6 53. Kb6 Rf7 54. c6 Rf2 55. c7 Rb2+ 56. Ka5 1-0

[Event "GER-chT Betriebe 17th"]
[Site "Berlin"]
[Date "2017.11.03"]
[Round "3.2"]
[White "Spiegel, Stefan"]
[Black "Brandes, Stephan"]
[Result "1/2-1/2"]
[WhiteElo "2144"]
[BlackElo "2166"]
[PlyCount "40"]
[EventDate "2017.11.02"]
[EventType "team-swiss"]
[EventRounds "7"]
[EventCountry "GER"]
[SourceTitle "EXT 2020"]
[Source "ChessBase"]
[SourceDate "2019.10.17"]
[SourceVersion "1"]
[SourceVersionDate "2019.10.17"]
[SourceQuality "1"]
[WhiteTeam "Weinheim"]
[BlackTeam "Bonn Deutsche Post II"]
[WhiteTeamCountry "GER"]
[BlackTeamCountry "GER"]

1. e4 c5 2. Nc3 a6 3. a4 Nc6 4. f4 d6 5. Nf3 Nf6 6. Be2 e6 7. 0-0 Be7 8. d3 Rb8 9. h3 b5 10. axb5 axb5 11. Be3 0-0 12. g4 d5 13. e5 d4 14. exf6 Bxf6 15. g5 Be7 16. Bd2 dxc3 17. bxc3 e5 18. h4 exf4 19. Bxf4 Bd6 20. Nd2 Bh3 1/2-1/2

[Event "Verbandsliga Nordbaden 1617"]
[Site "Baden"]
[Date "2017.05.14"]
[Round "9.4"]
[White "Mueller, Dieter3"]
[Black "Spiegel, Stefan"]
[Result "1/2-1/2"]
[WhiteElo "1693"]
[BlackElo "2135"]
[PlyCount "58"]
[EventDate "2016.10.09"]
[EventType "team-tourn"]
[EventRounds "9"]
[EventCountry "GER"]
[SourceTitle "EXT 2022"]
[Source "ChessBase"]
[SourceDate "2021.10.06"]
[SourceVersion "1"]
[SourceVersionDate "2021.10.06"]
[SourceQuality "1"]
[WhiteTeam "Pforzheim"]
[BlackTeam "Viernheim II"]
[WhiteTeamCountry "GER"]
[BlackTeamCountry "GER"]

1. e4 Nf6 2. e5 Nd5 3. d4 Nb6 4. Bd3 d6 5. f4 g6 6. c3 Bg7 7. Qe2 0-0 8. Nf3 Bg4 9. Nbd2 e6 10. h3 Bxf3 11. Nxf3 N8d7 12. Bd2 Qe7 13. 0-0-0 c5 14. Kb1 Rfc8 15. Be4 d5 16. Bc2 Nc4 17. Bc1 cxd4 18. cxd4 Rc7 19. Bd3 Ndb6 20. b3 Qb4 21. Bb2 Nxb2 22. Qxb2 Bf8 23. Rc1 Rc6 24. Rxc6 bxc6 25. Rc1 Rc8 26. Qc3 Qa3 27. Qb2 Qb4 28. Qc3 Qa3 29. Qb2 Qb4 1/2-1/2

[Event "Karlsruhe Grenke op"]
[Site "Karlsruhe"]
[Date "2017.04.13"]
[Round "1"]
[White "Potkin, Vladimir"]
[Black "Spiegel, Stefan"]
[Result "1/2-1/2"]
[WhiteElo "2594"]
[BlackElo "2135"]
[PlyCount "90"]
[EventDate "2017.04.13"]
[EventType "swiss"]
[EventRounds "9"]
[EventCountry "GER"]
[SourceTitle "CBM 177 Extra"]
[Source "ChessBase"]
[SourceDate "2017.04.27"]
[SourceVersion "1"]
[SourceVersionDate "2017.04.27"]
[SourceQuality "1"]

1. c4 Nf6 2. Nc3 e5 3. Nf3 Nc6 4. g3 Bb4 5. Bg2 0-0 6. 0-0 Bxc3 7. bxc3 Re8 8. Ne1 d6 9. e4 a6 10. a4 Rb8 11. d3 b5 12. cxb5 axb5 13. axb5 Rxb5 14. f4 Bg4 15. Qc2 exf4 16. gxf4 Bd7 17. Nf3 Qb8 18. h3 Nh5 19. Kh2 Na5 20. c4 Nb3 21. cxb5 Nxa1 22. Qc3 Qxb5 23. Qxa1 Qxd3 24. Qd4 Qc2 25. Ne5 Ba4 26. Nxf7 Bb3 27. Nh6+ gxh6 28. Bb2 Kf7 29. Rc1 c5 30. Rxc2 cxd4 31. Rd2 Rc8 32. Bxd4 Rc2 33. Be3 Nf6 34. Rxc2 Bxc2 35. e5 dxe5 36. fxe5 Ne4 37. Bxh6 Ke6 38. Bg7 Kf7 39. Bh6 Ke6 40. Bg7 Kf7 41. Bh8 Kg8 42. Bxe4 Bxe4 43. Bf6 Kf7 44. Kg3 Ke6 45. Kf4 Bb1 1/2-1/2

[Event "BL2-Sued 1516"]
[Site "Germany"]
[Date "2015.12.13"]
[Round "4.7"]
[White "Spiegel, Stefan"]
[Black "Zueger, Beat"]
[Result "0-1"]
[WhiteElo "2137"]
[BlackElo "2390"]
[PlyCount "70"]
[EventDate "2015.09.20"]
[EventType "team-tourn"]
[EventRounds "9"]
[EventCountry "GER"]
[SourceTitle "EXT 2017"]
[Source "ChessBase"]
[SourceDate "2016.10.25"]
[SourceVersion "1"]
[SourceVersionDate "2016.10.25"]
[SourceQuality "1"]
[WhiteTeam "Viernheim"]
[BlackTeam "Schwegenheim"]
[WhiteTeamCountry "GER"]
[BlackTeamCountry "GER"]

1. e4 c5 2. Nc3 a6 3. f4 b5 4. Nf3 Bb7 5. d3 e6 6. e5 Nh6 7. Be2 Nc6 8. 0-0 Nf5 9. Ne4 d5 10. exd6 Bxd6 11. c3 Nce7 12. g4 Nh6 13. Nfg5 0-0 14. Bf3 Rb8 15. Qe2 Nd5 16. Bg2 Re8 17. Bd2 f5 18. Nxd6 Qxd6 19. h3 Nf6 20. Bxb7 Rxb7 21. Nxh7 Nxh7 22. g5 Nf7 23. g6 Nf6 24. gxf7+ Kxf7 25. Rf3 Rd7 26. Re1 c4 27. d4 Ne4 28. Ref1 Rh8 29. Be1 Rh6 30. Re3 Qd5 31. Rff3 Rd8 32. Bf2 Rdh8 33. Be1 g5 34. h4 gxh4 35. Kh2 Nf6 0-1

[Event "Heusenstamm Sparkassen op-A 2nd"]
[Site "Heusenstamm"]
[Date "2015.11.29"]
[Round "7"]
[White "Barski, Radoslaw"]
[Black "Spiegel, Stefan"]
[Result "1-0"]
[WhiteElo "2336"]
[BlackElo "2137"]
[PlyCount "69"]
[EventDate "2015.11.26"]
[EventType "swiss"]
[EventRounds "7"]
[EventCountry "GER"]
[SourceTitle "CBM 169 Extra"]
[Source "ChessBase"]
[SourceDate "2015.12.18"]
[SourceVersion "1"]
[SourceVersionDate "2015.12.18"]
[SourceQuality "1"]

1. e4 Nf6 2. e5 Nd5 3. d4 Nb6 4. c4 d6 5. exd6 cxd6 6. Nc3 g6 7. Be3 Bg7 8. Be2 0-0 9. h3 Nc6 10. Nf3 Bf5 11. 0-0 d5 12. c5 Nc4 13. Bc1 b6 14. cxb6 Nxb6 15. Bf4 Be4 16. Ne5 Nxe5 17. dxe5 Bf5 18. Qd4 Be6 19. Rfd1 Qc7 20. Rac1 Qb7 21. b3 Rfd8 22. Bf3 Rd7 23. a4 Rad8 24. a5 Na8 25. Na4 Rc7 26. Nc5 Qc8 27. b4 h6 28. b5 g5 29. Be3 Bf5 30. Be2 f6 31. e6 Bxe6 32. Nxe6 Rxc1 33. Nxd8 Rxd1+ 34. Bxd1 Qxd8 35. Qxa7 1-0

[Event "Heusenstamm Sparkassen op-A 2nd"]
[Site "Heusenstamm"]
[Date "2015.11.28"]
[Round "5"]
[White "Neukirchner, Pascal"]
[Black "Spiegel, Stefan"]
[Result "1/2-1/2"]
[WhiteElo "1910"]
[BlackElo "2137"]
[PlyCount "43"]
[EventDate "2015.11.26"]
[EventType "swiss"]
[EventRounds "7"]
[EventCountry "GER"]
[SourceTitle "EXT 2018"]
[Source "ChessBase"]
[SourceDate "2017.10.13"]
[SourceVersion "1"]
[SourceVersionDate "2017.10.13"]
[SourceQuality "1"]

1. Nf3 Nf6 2. d4 e6 3. Bf4 c5 4. c3 Nc6 5. e3 cxd4 6. exd4 b6 7. Bd3 Be7 8. Nbd2 Bb7 9. 0-0 0-0 10. h3 Nd5 11. Bh2 Rc8 12. a3 d6 13. c4 Nf6 14. b4 Nb8 15. Qa4 a6 16. Rac1 Nbd7 17. Rfe1 h6 18. Qb3 Re8 19. a4 Ra8 20. Ra1 Qc8 21. Rac1 Qd8 22. Ra1 1/2-1/2

[Event "Heusenstamm Sparkassen op-A 2nd"]
[Site "Heusenstamm"]
[Date "2015.11.27"]
[Round "2"]
[White "Spiegel, Stefan"]
[Black "Koellner, Ruben Gideon"]
[Result "1-0"]
[WhiteElo "2137"]
[BlackElo "1985"]
[PlyCount "71"]
[EventDate "2015.11.26"]
[EventType "swiss"]
[EventRounds "7"]
[EventCountry "GER"]
[SourceTitle "EXT 2018"]
[Source "ChessBase"]
[SourceDate "2017.10.13"]
[SourceVersion "1"]
[SourceVersionDate "2017.10.13"]
[SourceQuality "1"]

1. e4 d6 2. d4 Nf6 3. Nc3 e5 4. Nf3 exd4 5. Nxd4 Be7 6. g3 0-0 7. Bg2 Bd7 8. 0-0 Nc6 9. Nde2 h5 10. Nd5 Nxd5 11. exd5 Ne5 12. Nd4 h4 13. f4 Ng4 14. h3 Nf6 15. g4 Re8 16. g5 Nh7 17. Qh5 c5 18. Nf3 Bf5 19. Nxh4 Bxc2 20. Bd2 g6 21. Qf3 Qd7 22. Rac1 Bf5 23. Nxf5 Qxf5 24. h4 Bf8 25. Rc4 Qd7 26. Bh3 Qb5 27. b3 Qa6 28. f5 Re7 29. h5 gxh5 30. Qxh5 Qxa2 31. f6 Qxd2 32. fxe7 Qe3+ 33. Kh1 Qxe7 34. Rxf7 Qe1+ 35. Rf1 Qe7 36. Be6+ 1-0

[Event "Verbandsliga Nordbaden 1516"]
[Site "Baden"]
[Date "2015.11.22"]
[Round "3.1"]
[White "Farmani Anosheh, Armin"]
[Black "Spiegel, Stefan"]
[Result "1/2-1/2"]
[WhiteElo "2256"]
[BlackElo "2137"]
[PlyCount "68"]
[EventDate "2015.09.27"]
[EventType "team-tourn"]
[EventRounds "9"]
[EventCountry "GER"]
[SourceTitle "EXT 2022"]
[Source "ChessBase"]
[SourceDate "2021.10.06"]
[SourceVersion "1"]
[SourceVersionDate "2021.10.06"]
[SourceQuality "1"]
[WhiteTeam "Ladenburg"]
[BlackTeam "Viernheim II"]
[WhiteTeamCountry "GER"]
[BlackTeamCountry "GER"]

1. d4 Nf6 2. c4 e6 3. Nc3 Bb4 4. e3 Bxc3+ 5. bxc3 Qe7 6. Nf3 d6 7. Bd3 e5 8. e4 b6 9. 0-0 0-0 10. h3 h6 11. Re1 Nc6 12. Rb1 Bd7 13. Be3 Rad8 14. Nd2 Nh7 15. d5 Nb8 16. Nf1 Qh4 17. Qf3 Na6 18. Qg3 Qxg3 19. Nxg3 Nc5 20. Bc2 Rfe8 21. f4 exf4 22. Bxf4 f6 23. h4 Nf8 24. h5 Nh7 25. Be3 Ng5 26. Bd4 Re7 27. Nf5 Bxf5 28. exf5 Rde8 29. Re6 Ngxe6 30. fxe6 Nxe6 31. dxe6 Rxe6 32. Bf2 Re2 33. Bb3 Kf8 34. Kf1 R2e5 1/2-1/2

[Event "Verbandsliga Nordbaden 1415"]
[Site "Baden"]
[Date "2015.02.08"]
[Round "6.3"]
[White "Spiegel, Stefan"]
[Black "Richter, Georg"]
[Result "1-0"]
[WhiteElo "2218"]
[BlackElo "2186"]
[PlyCount "167"]
[EventDate "2014.10.12"]
[EventType "team-tourn"]
[EventRounds "9"]
[EventCountry "GER"]
[SourceTitle "EXT 2022"]
[Source "ChessBase"]
[SourceDate "2021.10.06"]
[SourceVersion "1"]
[SourceVersionDate "2021.10.06"]
[SourceQuality "1"]
[WhiteTeam "Viernheim II"]
[BlackTeam "Leimen"]
[WhiteTeamCountry "GER"]
[BlackTeamCountry "GER"]

1. e4 d6 2. d4 Nf6 3. Nc3 g6 4. g3 Bg7 5. Bg2 0-0 6. Nge2 c5 7. dxc5 dxc5 8. Qxd8 Rxd8 9. Be3 Nfd7 10. 0-0-0 Nc6 11. Nd5 e6 12. Nc7 Rb8 13. Nb5 b6 14. f4 Ba6 15. a4 e5 16. Nec3 Nd4 17. Rhe1 Nf8 18. Nc7 Bb7 19. N7d5 Nfe6 20. Bh3 h6 21. Rf1 Ba6 22. Rf2 b5 23. axb5 Bxb5 24. f5 Ng5 25. Bg2 gxf5 26. exf5 f6 27. Nxb5 Rxb5 28. c3 Nb3+ 29. Kc2 Rdb8 30. Nc7 R5b6 31. Bxg5 hxg5 32. g4 Kh7 33. Nd5 Rb5 34. Bf1 R5b7 35. Ba6 Nd4+ 36. Kb1 Rd7 37. Ne3 Rd6 38. cxd4 Rxa6 39. dxc5 Bf8 40. Rc2 Rc6 41. Rd7+ Kg8 42. Rxa7 Rxc5 43. Rc7 Rcb5 44. Kc1 e4 45. R7c6 Be7 46. Re6 Bc5 47. Rxe4 Bd6 48. Nc4 Bf4+ 49. Kb1 Rd5 50. h4 Rd1+ 51. Ka2 Ra8+ 52. Na3 Bd6 53. hxg5 fxg5 54. Rec4 Kf7 55. Re4 Rd3 56. Rcc4 Bxa3 57. bxa3 Rdxa3+ 58. Kb2 R3a6 59. Kc2 Rd6 60. Red4 Rxd4 61. Rxd4 Ra3 62. Kd2 Rb3 63. Ke2 Ra3 64. Rd3 Ra4 65. Kf3 Rf4+ 66. Kg3 Ra4 67. Rd7+ Kf8 68. Rd6 Ra3+ 69. Kf2 Ra4 70. Kf3 Ra3+ 71. Ke2 Ra4 72. Rf6+ Ke7 73. Re6+ Kf7 74. Kf3 Ra3+ 75. Re3 Ra4 76. Rb3 Rc4 77. Rb7+ Kf8 78. Rb6 Rc3+ 79. Ke4 Rc4+ 80. Ke5 Rxg4 81. Kf6 Re4 82. Rb8+ Re8 83. Rxe8+ Kxe8 84. Kg7 1-0

[Event "BL2-Sued 1415"]
[Site "Germany"]
[Date "2015.01.18"]
[Round "5.8"]
[White "Spiegel, Stefan"]
[Black "Loehr, Markus"]
[Result "0-1"]
[WhiteElo "2226"]
[BlackElo "2243"]
[PlyCount "84"]
[EventDate "2014.09.21"]
[EventType "team-tourn"]
[EventRounds "9"]
[EventCountry "GER"]
[SourceTitle "CBM 166 Extra"]
[Source "ChessBase"]
[SourceDate "2015.06.18"]
[SourceVersion "1"]
[SourceVersionDate "2015.06.18"]
[SourceQuality "1"]
[WhiteTeam "Viernheim"]
[BlackTeam "Schmiden Cannstatt"]
[WhiteTeamCountry "GER"]
[BlackTeamCountry "GER"]

1. e4 d5 2. exd5 Qxd5 3. Nc3 Qd6 4. Bc4 Nf6 5. Nge2 c6 6. d3 b5 7. Bb3 e6 8. h3 Be7 9. Bf4 Qd8 10. 0-0 Bb7 11. Ng3 Nbd7 12. d4 0-0 13. Re1 Nb6 14. Nce4 a5 15. c3 a4 16. Bc2 Nbd5 17. Bd2 Qc7 18. Qe2 Rfe8 19. Rad1 Nxe4 20. Nxe4 Nf6 21. Nc5 Rad8 22. Be3 Bc8 23. Rc1 Nd5 24. Qh5 g6 25. Qf3 Nxe3 26. Qxe3 Bf8 27. Ne4 Bg7 28. f4 f6 29. Qf3 e5 30. fxe5 fxe5 31. dxe5 Rxe5 32. Nf6+ Kh8 33. Ng4 Rxe1+ 34. Rxe1 Rf8 35. Qe2 a3 36. bxa3 Bxc3 37. Rf1 Qd6 38. Rxf8+ Qxf8 39. Qd3 Bg7 40. a4 Bf5 41. Qe2 Qc5+ 42. Ne3 Bxc2 0-1

[Event "BL2-Sued 1415"]
[Site "Germany"]
[Date "2014.11.09"]
[Round "3.8"]
[White "Spiegel, Stefan"]
[Black "Brendel, Oliver"]
[Result "0-1"]
[WhiteElo "2226"]
[BlackElo "2361"]
[PlyCount "82"]
[EventDate "2014.09.21"]
[EventType "team-tourn"]
[EventRounds "9"]
[EventCountry "GER"]
[SourceTitle "CBM 166 Extra"]
[Source "ChessBase"]
[SourceDate "2015.06.18"]
[SourceVersion "1"]
[SourceVersionDate "2015.06.18"]
[SourceQuality "1"]
[WhiteTeam "Viernheim"]
[BlackTeam "Hofheim"]
[WhiteTeamCountry "GER"]
[BlackTeamCountry "GER"]

1. e4 g6 2. d4 c6 3. Nc3 d5 4. Nf3 Bg7 5. h3 Nf6 6. e5 Ne4 7. Bd3 Nxc3 8. bxc3 c5 9. dxc5 Qa5 10. Bd2 Nc6 11. Qe2 Qxc5 12. 0-0 Bd7 13. Rab1 Na5 14. Be3 Qc7 15. Bd4 0-0 16. Nd2 Nc6 17. f4 b6 18. Nf3 Nxd4 19. cxd4 Bh6 20. Nh4 Qc3 21. Qf2 Ba4 22. Rfe1 e6 23. g4 Rac8 24. g5 Bg7 25. Re2 Rc7 26. Nf3 Rfc8 27. h4 Qa3 28. Ne1 Rc3 29. Rb3 Bxb3 30. axb3 Qc1 31. h5 a5 32. Qh4 b5 33. hxg6 hxg6 34. Qg4 Rxd3 35. cxd3 a4 36. bxa4 bxa4 37. f5 gxf5 38. Qh5 a3 39. g6 a2 40. Qh7+ Kf8 41. gxf7 a1Q 0-1

[Event "BL2-Sued 1415"]
[Site "Germany"]
[Date "2014.09.21"]
[Round "1.8"]
[White "Spiegel, Stefan"]
[Black "Reefschlaeger, Helmut"]
[Result "0-1"]
[WhiteElo "2226"]
[BlackElo "2295"]
[PlyCount "40"]
[EventDate "2014.09.21"]
[EventType "team-tourn"]
[EventRounds "9"]
[EventCountry "GER"]
[SourceTitle "CBM 166 Extra"]
[Source "ChessBase"]
[SourceDate "2015.06.18"]
[SourceVersion "1"]
[SourceVersionDate "2015.06.18"]
[SourceQuality "1"]
[WhiteTeam "Viernheim"]
[BlackTeam "Baden-Baden II"]
[WhiteTeamCountry "GER"]
[BlackTeamCountry "GER"]

1. e4 e6 2. d4 d5 3. Nd2 Nf6 4. e5 Nfd7 5. Bd3 c5 6. c3 Nc6 7. Ne2 Qb6 8. Nf3 f6 9. exf6 Nxf6 10. 0-0 Bd6 11. h3 0-0 12. b3 e5 13. dxe5 Nxe5 14. Nxe5 Bxe5 15. Be3 Qc7 16. Rc1 Be6 17. f4 Bd6 18. f5 Bf7 19. Nf4 Rae8 20. Qf3 c4 0-1

[Event "Bundesliga 1314"]
[Site "Germany"]
[Date "2014.02.23"]
[Round "10.8"]
[White "Hirneise, Tobias"]
[Black "Spiegel, Stefan"]
[Result "1-0"]
[WhiteElo "2440"]
[BlackElo "2236"]
[PlyCount "111"]
[EventDate "2013.10.12"]
[EventType "team-tourn"]
[EventRounds "15"]
[EventCountry "GER"]
[SourceTitle "CBM 159"]
[Source "ChessBase"]
[SourceDate "2014.03.17"]
[SourceVersion "1"]
[SourceVersionDate "2014.03.17"]
[SourceQuality "1"]
[WhiteTeam "Wattenscheid"]
[BlackTeam "Viernheim"]
[WhiteTeamCountry "GER"]
[BlackTeamCountry "GER"]

1. d4 Nf6 2. c4 e6 3. Nf3 Bb4+ 4. Bd2 Bxd2+ 5. Qxd2 d6 6. Nc3 0-0 7. g3 Nbd7 8. Bg2 Re8 9. 0-0 c6 10. e4 e5 11. Rad1 Qc7 12. Nh4 Nf8 13. h3 Be6 14. b3 Rad8 15. f4 Bc8 16. Kh2 Ng6 17. Nxg6 fxg6 18. Qf2 a6 19. Rd2 Rf8 20. Qe3 Rde8 21. fxe5 dxe5 22. d5 cxd5 23. exd5 e4 24. d6 Qd7 25. Na4 Qc6 26. Nb6 Bf5 27. g4 Bxg4 28. Rxf6 Rxf6 29. hxg4 Rxd6 30. Nd5 Rde6 31. Qg3 Re5 32. Rf2 h5 33. Qf4 Qd7 34. Re2 Qd8 35. Kg1 Rg5 36. gxh5 gxh5 37. Rxe4 Rf8 38. Qe3 Kh8 39. Re7 Rgf5 40. Qg3 R8f7 41. Rxf7 Rxf7 42. Qg6 Qf8 43. Qxh5+ Kg8 44. Qe5 Qd8 45. Qe6 Kf8 46. c5 Kg8 47. b4 Kf8 48. a3 Kg8 49. a4 g5 50. Be4 Kg7 51. Qe5+ Kg8 52. Bf5 Rg7 53. Kg2 g4 54. b5 axb5 55. axb5 Kh8 56. Qh2+ 1-0